Банковское право: учебник для вузов

Bibliografski detalji
Glavni autor: Эриашвили Н. Д. Нодари Дарчоевич
Sažetak:Раскрываются основные положения банковского права, вопросы регулирования деятельности банковских и иных кредитных организаций в свете Федерального закона об обществах с ограниченной ответственностью 2008 г. Рассматриваются такие темы, как кредитные отношения, безналичный расчет, налично-денежное обращение, валютные отношения и их правовое регулирование с учетом Федерального закона «О валютном регулировании и валютном контроле», правовое регулирование кредитных историй, страхование вкладов физических лиц в банках Российской Федерации.Для студентов, аспирантов, преподавателей юридических и экономических вузов и факультетов, а также для работников банковской сферы.
Режим доступа: из корпоративной сети ТПУ
Jezik:ruski
Izdano: Москва, ЮНИТИ-ДАНА, 2011
Izdanje:8-е изд.
Serija:Электронный учебник
Учебная литература для высшего и среднего профессионального образования
Teme:
Online pristup:http://www.lib.tpu.ru/fulltext2/m/2011/m358.pdf
Format: Elektronički Knjiga
KOHA link:https://koha.lib.tpu.ru/cgi-bin/koha/opac-detail.pl?biblionumber=194422

MARC

LEADER 00000nlm0a2200000 4500
001 194422
005 20231101224544.0
035 |a (RuTPU)RU\TPU\book\212044 
090 |a 194422 
100 |a 20110414d2011 m y0rusy50 ca 
101 0 |a rus 
102 |a RU 
105 |a y j 000zy 
135 |a vocna---uucaa 
181 0 |a i  
182 0 |a b 
200 1 |a Банковское право  |b Электронный ресурс  |e учебник для вузов  |f Н. Д. Эриашвили 
203 |a Текст  |c электронный 
205 |a 8-е изд. 
210 |a Москва  |c ЮНИТИ-ДАНА  |d 2011 
215 |a 1 Мультимедиа CD-ROM 
225 1 |a Электронный учебник 
225 1 |a Учебная литература для высшего и среднего профессионального образования 
230 |a Мультимедиа ресурсы (10 директорий; 100 файлов; 740MB) 
330 |a Раскрываются основные положения банковского права, вопросы регулирования деятельности банковских и иных кредитных организаций в свете Федерального закона об обществах с ограниченной ответственностью 2008 г. Рассматриваются такие темы, как кредитные отношения, безналичный расчет, налично-денежное обращение, валютные отношения и их правовое регулирование с учетом Федерального закона «О валютном регулировании и валютном контроле», правовое регулирование кредитных историй, страхование вкладов физических лиц в банках Российской Федерации.Для студентов, аспирантов, преподавателей юридических и экономических вузов и факультетов, а также для работников банковской сферы. 
333 |a Режим доступа: из корпоративной сети ТПУ 
337 |a Pentium 100 MHz, 16 Mb RAM, Windows 95/98/NT/2000, CDROM, SVGA, звуковая карта, Internet Explorer 5.0 и выше 
606 1 |a Банковское право  |2 stltpush  |3 (RuTPU)RU\TPU\subj\67712  |9 83404 
610 1 |a финансы 
610 1 |a банки 
610 1 |a Российская Федерация 
610 1 |a кредит 
610 1 |a управление 
610 1 |a расчеты 
610 1 |a валютные отношения 
610 1 |a правовое регулирование 
610 1 |a электронные учебники 
610 1 |a CD-ROM 
610 1 |a электронный ресурс 
686 |a Х622я73  |v LBC/SL-A  |2 rubbk 
700 1 |a Эриашвили  |b Н. Д.  |g Нодари Дарчоевич 
801 1 |a RU  |b 63413507  |c 20110414 
801 2 |a RU  |b 63413507  |c 20111003  |g RCR 
856 4 |u http://www.lib.tpu.ru/fulltext2/m/2011/m358.pdf 
942 |c CF